| 000 -УДИРДЛАГА |
| Удирдлага |
02352nam a22006137a 4500 |
| 003 - ХЯНАЛТЫН ТОО ТОДОРХОЙЛОГЧ |
| Код |
MN-UlNUM |
| 005 - БИЧИЛТ ХИЙСЭН ОГНОО |
| Тухайн бичилтийг бичсэн засварласан сүүлийн огноо |
20260104184839.0 |
| 008 - ЕРӨНХИЙ МЭДЭЭЛЭЛ |
| Ерөнхий мэдээлэл |
120525s2009 mauab b 001 0 eng |
| 020 ## - ISBN |
| ISBN |
9780071282406 |
| -- |
0071282408 |
| 040 ## - БИЧЛЭГ ҮҮСГЭГЧ БАЙГУУЛЛАГА |
| Бичлэг үүсгэгч номын сангийн код |
МУИС-ийн номын сан |
| 084 ## - ББК АНГИЛАЛ |
| Нэмэлт тусгалт |
Сурах бичиг |
| ББК ангилал |
65.290-2 |
| Зохиогчийн гурван тэмдэгт |
L 97 |
| Мэдлэгийн ялгаа |
65 - Эдийн засаг |
| 100 1# - ЗОХИОГЧ |
| Зохиогчийн нэр |
Luthans, Fred |
| 245 10 - ҮНДСЭН ГАРЧИГ |
| Номын нэр |
International management |
| Бага гарчгийн мэдээ |
Culture, strategy, and behavior |
| 250 ## - ДАХИН ХЭВЛЭЛТ |
| Дахин гаралтын дугаар |
7th ed. |
| 260 ## - ГАРАЛТЫН МЭДЭЭ |
| Хэвлэгдсэн газар |
Boston |
| Хэвлэлийн газар |
McGraw-Hill |
| Хэвлэгдсэн он |
2009 |
| 300 ## - МАТЕРИАЛЫН ТОДОРХОЙЛОЛТ |
| хуудасны тоо |
xxvii, 619 p. |
| Бусад тоон мэдээлэл |
ill. (some col.), col. map |
| Хэмжээ |
29 cm |
| 500 ## - Тайлбар |
| Дансны дугаар |
БС 6012 |
| 546 ## - ХЭЛНИЙ ТУХАЙ МЭДЭЭ |
| Хэл |
Англи хэл дээр, |
| 653 ## - Түлхүүр үг |
| Түлхүүр үг |
international management |
| 653 ## - Түлхүүр үг |
| Түлхүүр үг |
management |
| 653 ## - Түлхүүр үг |
| Түлхүүр үг |
marketing |
| 700 1# - ХАМ ЗОХИОГЧИД |
| Ба бус |
Doh, Jonathan P. |
| 740 ## - НОМЫН ГАРЧИГ |
| Гарчиг |
Environmental Foundation |
| 740 ## - НОМЫН ГАРЧИГ |
| Гарчиг |
Globalization and International Linkages |
| 740 ## - НОМЫН ГАРЧИГ |
| Гарчиг |
The Political, Legal, and Technological Environment |
| 740 ## - НОМЫН ГАРЧИГ |
| Гарчиг |
Ethics and Social Responsibility |
| 740 ## - НОМЫН ГАРЧИГ |
| Гарчиг |
The Role of Culture |
| 740 ## - НОМЫН ГАРЧИГ |
| Гарчиг |
The Meanings and Dimensions of Culture |
| 740 ## - НОМЫН ГАРЧИГ |
| Гарчиг |
Managing Across Cultures |
| 740 ## - НОМЫН ГАРЧИГ |
| Гарчиг |
Organizational Cultures and Diversity |
| 740 ## - НОМЫН ГАРЧИГ |
| Гарчиг |
Cross-Cultural Communication and Negotiation |
| 740 ## - НОМЫН ГАРЧИГ |
| Гарчиг |
International Strategic Management |
| 740 ## - НОМЫН ГАРЧИГ |
| Гарчиг |
Strategy Formulation and Implementation |
| 740 ## - НОМЫН ГАРЧИГ |
| Гарчиг |
Entry Strategies and Organizational Structures |
| 740 ## - НОМЫН ГАРЧИГ |
| Гарчиг |
Managing Political Risk, Government Relations, and Alliances |
| 740 ## - НОМЫН ГАРЧИГ |
| Гарчиг |
Management Decision and Control |
| 740 ## - НОМЫН ГАРЧИГ |
| Гарчиг |
Organizational Behavior and Human Resource Management |
| 740 ## - НОМЫН ГАРЧИГ |
| Гарчиг |
Motivation Across Cultures |
| 740 ## - НОМЫН ГАРЧИГ |
| Гарчиг |
Leadership Across Cultures |
| 740 ## - НОМЫН ГАРЧИГ |
| Гарчиг |
Human Resource Selection and Development Across Cultures |
| 740 ## - НОМЫН ГАРЧИГ |
| Гарчиг |
Skill-Building and Experiential Exercises |
| 740 ## - НОМЫН ГАРЧИГ |
| Гарчиг |
Personal Skill Building Exercises |
| 740 ## - НОМЫН ГАРЧИГ |
| Гарчиг |
The Culture Quiz |
| 740 ## - НОМЫН ГАРЧИГ |
| Гарчиг |
Using Gung Ho to Understand Cultural Differences |
| 740 ## - НОМЫН ГАРЧИГ |
| Гарчиг |
When in Bogota... |
| 740 ## - НОМЫН ГАРЧИГ |
| Гарчиг |
The International Cola Alliances |
| 740 ## - НОМЫН ГАРЧИГ |
| Гарчиг |
Who to Hire? |
| 740 ## - НОМЫН ГАРЧИГ |
| Гарчиг |
In-Class Simulations |
| 740 ## - НОМЫН ГАРЧИГ |
| Гарчиг |
"Frankenfoods" or Rice Bowl for the World: The U.S. - EU Dispute over Trade in Genetically Modified Organisms |
| 740 ## - НОМЫН ГАРЧИГ |
| Гарчиг |
Cross-Cultural Conflicts in the Corning-Vitro Joint Venture |
| 942 ## - ЭЛЕМЕНТИЙН ТӨРӨЛ |
| Зүйлийн төрөл |
Ном |